1213 1339 1203 1674 1038 1557 1328 1595 1840 1762 1837 1707 1939 1395 1661 1231 1679 1660 1544 1668 1728 1800 1747 1164 1798 1497 1492 1497 1074 1996 1923 1609 1797 1484 1601 1924 1376 1386 1118 1710 1475 1551 1410 1398 1940 1218 1620 1465 1095 1757 1100 1025 1404 1600 1962 1439 1516 1404 1037 1410 1195 1841 1456 1230 1254 1247 1668 1832 1685 1595 1742 1083 1024 1184 1290 1039 1223 1300 1185 1230 1518 1794 1752 1258 1057 1083 1887 1057 1654 1973 1837 1429 1893 1739 1260 1518 1447 1964 1938 BCNSPRNW ULIB Ver.6.0+V

เปลี่ยนเป็นภาษาไทย

Change to English
 แสดงรายละเอียดบรรณานุกรม
  กลับหน้าหลัก

Brief Record : Get Marc (ISO 2709) : E-mail record : QR code < ปิดหน้าต่าง
LEADER : 00000nam 2200000uu 4500
001    13399122208
003     ULIB
008    130111s2554||||th 000 0 tha d
020    ^a9786167164731
050 4  ^aBF1486.T5^bฟ257ย
100 0  ^aเฟรด, เจสัน
245 00 ^aยกเครื่องความคิด/^cเฟรด, เจสัน,เขียน,^cอาสยา ฐกัดกุล
260    ^aกรุงเทพฯ:^bวีเลิร์น;^c2554.
300    ^a287 หน้า:;^c14 ซม.
650  7 ^aความคิด
700 0  ^aแฮนสัน, ฮีนีมเมอร์ เดวิด
945    ^p180^l0^i19666
995    ^aกัณชพร
999    ^aกัณชพร
รายการนี้ยังไม่มีแท็ก
คุณยังไม่ได้ล็อกอิน คุณสามารถมีกิจกรรมร่วมกับเว็บไซต์ได้ แต่ต้องล็อกอินก่อน ::
  ล็อกอิน

รายการสื่อสารสนเทศ

ลำดับที่ ประเภท เลขเรียก/บาร์โค้ด สถานที่ สถานะ
1. การศึกษาทั่วไป
การศึกษาทั่วไป
BF1486.T5 ฟ257ย  
  Barcode: 19666
ห้องสมุดวิทยาเขตสวรรค์ประชารักษ์
►หนังสือทั่วไป
บนชั้น

รายการใกล้เคียง
    ผู้แต่ง [เฟรด, เจสัน]

    หัวเรื่อง [ความคิด]

BibComment


ยังไม่เคยถูกคอมเมนท์

คอมเมนท์ทรัพยากรรายการนี้
  คอมเมนท์: ยกเครื่องความคิด..


 Copyright 2026. Bcnsprnw @Library